Statystyki dla Największe państwa w produkcji energii wiatrowej

Kliknij tutaj aby rozwiązać quiz!

Ogólne statystyki

  • Ten quiz został rozwiązany 135 razy
  • Średni wynik to 12 z 15

Statystyki odpowiedzi

megawatKraj% Poprawnych
89,077Stany Zjednoczone
97%
188,232Chiny
94%
56,132Niemcy
94%
12,239Kanada
90%
13,759Francja
88%
9,479Włochy
87%
23,170Hiszpania
85%
18,872Wielka Brytania
85%
6,397Polska
81%
6,691Szwecja
80%
12,763Brazylia
75%
32,848Indie
70%
5,476Dania
69%
5,316Portugalia
60%
6,516Turcja
56%

Rozkład punktacji

Percentyl według liczby udzielonych odpowiedzi

Procent ludzi z każdym wynikiem

Twoja historia wyników

Nie rozwiązałeś tego quizu